[Event "HUN-chT2 Erkel 2324"]
[Site "Hunagry"]
[Date "2024.04.07"]
[Round "7.6"]
[White "Domany, Mihaly"]
[Black "Csalami, Gabor"]
[Result "1-0"]
[WhiteElo "2039"]
[BlackElo "1945"]
[PlyCount "147"]
[EventDate "2023.10.08"]
[EventType "team-tourn"]
[EventRounds "9"]
[EventCountry "HUN"]
[SourceTitle "EXT 2025"]
[Source "ChessBase"]
[SourceDate "2024.10.14"]
[SourceVersion "1"]
[SourceVersionDate "2024.10.14"]
[SourceQuality "1"]
[WhiteTeam "Egri Bolyky"]
[BlackTeam "TFSE"]
[WhiteTeamCountry "HUN"]
[BlackTeamCountry "HUN"]

1. e4 e5 2. Nf3 Nc6 3. d4 exd4 4. Nxd4 Nf6 5. Nxc6 bxc6 6. e5 Qe7 7. Qe2 Nd5 8. c4 Nb6 9. b3 Qe6 10. f4 Bb4+ 11. Kf2 0-0 12. g3 f6 13. exf6 Qxf6 14. Bb2 Bc5+ 15. Kg2 Bd4 16. Bxd4 Qxd4 17. Qe5 Qxe5 18. fxe5 Re8 19. Nd2 Rxe5 20. Nf3 Re8 21. Bd3 c5 22. Rhe1 Bb7 23. g4 d6 24. Kg3 Bxf3 25. Kxf3 Nd7 26. Be4 Rab8 27. Bd5+ Kf8 28. Kg3 Rxe1 29. Rxe1 Ne5 30. Re3 Ke7 31. h4 Rf8 32. Bg2 a5 33. Re2 Kd7 34. h5 h6 35. g5 hxg5 36. Bd5 Rf4 37. Rh2 Rg4+ 38. Kf2 Rd4 39. Rh1 c6 40. Bg2 d5 41. cxd5 cxd5 42. Ke2 Nf7 43. Rf1 Ke6 44. Ke3 Nh6 45. Rf8 Nf5+ 46. Ke2 Ng3+ 47. Ke3 Nxh5 48. Ra8 Nf4 49. Bf1 a4 50. bxa4 Rd1 51. Bb5 d4+ 52. Ke4 Re1+ 53. Kf3 Kf5 54. Rf8+ Kg6 55. Kg4 Rg1+ 56. Kf3 d3 57. Rd8 Rd1 58. a5 Kf5 59. a4 d2 60. a6 Ne6 61. a7 Nxd8 62. Ke2 Ne6 63. a8Q Ra1 64. Kxd2 Ra2+ 65. Kc3 Ra3+ 66. Kb2 Re3 67. Bd7 Kf6 68. Bxe6 Rxe6 69. Qf8+ Kg6 70. Qxc5 g4 71. a5 g3 72. Qg1 Re2+ 73. Kb3 g2 74. a6 1-0

[Event "HUN-chT2 Breyer 2223"]
[Site "Hungary"]
[Date "2023.03.27"]
[Round "10.10"]
[White "Csalami, Gabor"]
[Black "Pregitzer, Gyorgy"]
[Result "0-1"]
[WhiteElo "1955"]
[BlackElo "1640"]
[PlyCount "80"]
[EventDate "2022.10.16"]
[EventType "team-tourn"]
[EventRounds "11"]
[EventCountry "HUN"]
[SourceTitle "EXT 2025"]
[Source "ChessBase"]
[SourceDate "2024.10.14"]
[SourceVersion "1"]
[SourceVersionDate "2024.10.14"]
[SourceQuality "1"]
[WhiteTeam "Hus"]
[BlackTeam "Zsambek"]
[WhiteTeamCountry "HUN"]
[BlackTeamCountry "HUN"]

1. f4 Nf6 2. Nf3 g6 3. Nc3 d5 4. d4 Bg7 5. e3 Bg4 6. Be2 0-0 7. Ne5 Bxe2 8. Qxe2 c5 9. 0-0 Nc6 10. Nxc6 bxc6 11. dxc5 Qa5 12. Bd2 Qxc5 13. Rad1 Nd7 14. Na4 Qxc2 15. Nc3 Qxb2 16. Rb1 Qa3 17. Rb3 Qd6 18. Na4 c5 19. Rfb1 Rab8 20. Rb7 a6 21. Nc3 Rxb7 22. Rxb7 d4 23. Nd1 d3 24. Qf3 Rc8 25. e4 c4 26. e5 Qe6 27. Nc3 Nc5 28. Ra7 Qb6 29. Rxe7 Bf8 30. Nd5 Qb1+ 31. Kf2 Qxa2 32. Ke3 Rd8 33. Nf6+ Kg7 34. Ne8+ Rxe8 35. Rxe8 Ne6 36. Rxf8 Nxf8 37. f5 Qb2 38. f6+ Kg8 39. Qf4 c3 40. Bxc3 Qxc3 0-1

[Event "HUN-chT1 Maroczy 2122"]
[Site "Hungary"]
[Date "2022.03.20"]
[Round "10.4"]
[White "Oros, Robert"]
[Black "Csalami, Gabor"]
[Result "1-0"]
[WhiteElo "2262"]
[BlackElo "1917"]
[PlyCount "129"]
[EventDate "2021.10.10"]
[EventType "team-tourn"]
[EventRounds "11"]
[EventCountry "HUN"]
[SourceTitle "EXT 2025"]
[Source "ChessBase"]
[SourceDate "2024.10.14"]
[SourceVersion "1"]
[SourceVersionDate "2024.10.14"]
[SourceQuality "1"]
[WhiteTeam "Nyiregyhaza VSC"]
[BlackTeam "Hus"]
[WhiteTeamCountry "HUN"]
[BlackTeamCountry "HUN"]

1. Nf3 d5 2. g3 Nf6 3. Bg2 c6 4. c4 dxc4 5. Qc2 Nbd7 6. Qxc4 Nb6 7. Qc2 g6 8. b3 Bg7 9. Bb2 0-0 10. 0-0 Bf5 11. d3 a5 12. a3 Re8 13. Nbd2 Qd7 14. Rfe1 Rad8 15. Qc5 Na8 16. Qxa5 Nc7 17. Ne5 Qc8 18. Ndc4 Be6 19. Nb6 Qb8 20. Nec4 Nfd5 21. Bxg7 Kxg7 22. Rec1 f6 23. Rab1 Nxb6 24. Qxb6 Bxc4 25. bxc4 Ne6 26. Qxb7 Nd4 27. Qb2 Qd6 28. e3 Ne6 29. d4 c5 30. d5 Ng5 31. Qb6 Nf7 32. Bh3 Ra8 33. Qc6 f5 34. Rb6 Qxc6 35. Rxc6 Ne5 36. Rc7 Rxa3 37. f4 Nf7 38. Rxc5 Rxe3 39. Bf1 Nd6 40. Rc6 Rc8 41. Rxc8 Nxc8 42. c5 Kf7 43. Bb5 Ra3 44. Bd7 Ra8 45. Rb1 Kf6 46. Be6 g5 47. fxg5+ Kxg5 48. Rf1 f4 49. Rxf4 Ra1+ 50. Kg2 Na7 51. h4+ Kg6 52. Rb4 Kf6 53. Rb7 Ra5 54. Bg4 Nb5 55. d6 exd6 56. c6 Ra2+ 57. Kh3 Rc2 58. Rxb5 Rxc6 59. Rb7 h6 60. Rh7 Kg6 61. Re7 Rb6 62. Re6+ Kg7 63. Bf5 Rb5 64. Kg4 d5 65. Rg6+ 1-0

[Event "HUN-chT1 Maroczy 2122"]
[Site "Hungary"]
[Date "2022.02.27"]
[Round "9.8"]
[White "Csalami, Gabor"]
[Black "Gelle, Istvan"]
[Result "0-1"]
[WhiteElo "1914"]
[BlackElo "2226"]
[PlyCount "86"]
[EventDate "2021.10.10"]
[EventType "team-tourn"]
[EventRounds "11"]
[EventCountry "HUN"]
[SourceTitle "EXT 2025"]
[Source "ChessBase"]
[SourceDate "2024.10.14"]
[SourceVersion "1"]
[SourceVersionDate "2024.10.14"]
[SourceQuality "1"]
[WhiteTeam "Hus"]
[BlackTeam "Hobagoly"]
[WhiteTeamCountry "HUN"]
[BlackTeamCountry "HUN"]

1. d4 d5 2. c4 c6 3. Nf3 Nf6 4. Nc3 a6 5. c5 Nbd7 6. Bf4 Nh5 7. e3 Nxf4 8. exf4 g6 9. Bd3 Bg7 10. h4 b6 11. cxb6 Qxb6 12. Qd2 Bxd4 13. Nxd4 Qxd4 14. Ne2 Qf6 15. Rc1 Rb8 16. b3 h5 17. Qc2 c5 18. f5 gxf5 19. Bxf5 e6 20. Bd3 Rb4 21. g3 Bb7 22. Rf1 Rg8 23. Nf4 Rxf4 24. gxf4 Qxf4 25. Qd2 Qxh4 26. Qa5 Qf4 27. Rc2 Ke7 28. Qa4 d4 29. Qa5 Rg5 30. Qd2 Ne5 31. f3 Nxf3+ 32. Rxf3 Qxd2+ 33. Rxd2 Bxf3 34. Bxa6 e5 35. Rf2 e4 36. a4 Rg1+ 37. Bf1 Kd6 38. a5 Kc6 39. b4 c4 40. Rc2 Kb5 41. Kf2 Rxf1+ 42. Kxf1 d3 43. Rf2 c3 0-1

[Event "HUN-chT1 Maroczy 2122"]
[Site "Hungary"]
[Date "2021.11.07"]
[Round "3.9"]
[White "Skenderovic, Nikola"]
[Black "Csalami, Gabor"]
[Result "1/2-1/2"]
[WhiteElo "2115"]
[BlackElo "1896"]
[PlyCount "117"]
[EventDate "2021.10.10"]
[EventType "team-tourn"]
[EventRounds "11"]
[EventCountry "HUN"]
[SourceTitle "EXT 2025"]
[Source "ChessBase"]
[SourceDate "2024.10.14"]
[SourceVersion "1"]
[SourceVersionDate "2024.10.14"]
[SourceQuality "1"]
[WhiteTeam "Meritum Egyesulet"]
[BlackTeam "Hus"]
[WhiteTeamCountry "HUN"]
[BlackTeamCountry "HUN"]

1. d4 Nf6 2. Nc3 d5 3. Bf4 a6 4. e3 c5 5. dxc5 e6 6. Na4 Nbd7 7. c4 Nxc5 8. Nxc5 Bxc5 9. a3 0-0 10. Nf3 dxc4 11. Bxc4 b5 12. Be2 Bb7 13. 0-0 Nd5 14. Be5 Qb6 15. b4 Be7 16. Qb3 Bf6 17. Rac1 Bxe5 18. Nxe5 Qd6 19. Nd3 Nb6 20. Rfd1 Qd5 21. Qxd5 Bxd5 22. Nc5 Ra7 23. e4 Bc4 24. Bf3 Nc8 25. Nd7 Re8 26. Ne5 Nb6 27. Rd6 Rb7 28. Nxc4 bxc4 29. e5 Rbb8 30. Bc6 Rec8 31. f4 Kf8 32. Kf2 Ke7 33. Be4 g6 34. g3 f6 35. Ke3 fxe5 36. fxe5 g5 37. Rc6 Rxc6 38. Bxc6 Rd8 39. a4 Rd3+ 40. Ke4 Rd2 41. a5 Nd7 42. Bxd7 Kxd7 43. Rxc4 Rxh2 44. Rd4+ Ke7 45. Rd6 Rb2 46. Rxa6 Rxb4+ 47. Kf3 h5 48. Ra7+ Kf8 49. a6 Ra4 50. Kg2 Kg8 51. Ra8+ Kg7 52. a7 g4 53. Kf2 Ra3 54. Ke1 Ra2 55. Kf1 Kh7 56. Re8 Rxa7 57. Rxe6 Kg7 58. Kf2 Ra3 59. Rb6 1/2-1/2

[Event "HUN-chT1 Maroczy 2122"]
[Site "Hungary"]
[Date "2021.10.10"]
[Round "1.6"]
[White "Papp, Abel"]
[Black "Csalami, Gabor"]
[Result "1-0"]
[WhiteElo "2177"]
[BlackElo "1903"]
[PlyCount "63"]
[EventDate "2021.10.10"]
[EventType "team-tourn"]
[EventRounds "11"]
[EventCountry "HUN"]
[SourceTitle "EXT 2025"]
[Source "ChessBase"]
[SourceDate "2024.10.14"]
[SourceVersion "1"]
[SourceVersionDate "2024.10.14"]
[SourceQuality "1"]
[WhiteTeam "DVTK"]
[BlackTeam "Hus"]
[WhiteTeamCountry "HUN"]
[BlackTeamCountry "HUN"]

1. e4 e5 2. Nf3 Nc6 3. Bc4 Bc5 4. c3 Nf6 5. d3 d6 6. Bb3 h6 7. Nbd2 0-0 8. h3 Re8 9. Nf1 d5 10. Qe2 dxe4 11. dxe4 a5 12. Ng3 Qe7 13. Nh4 Qf8 14. 0-0 Ne7 15. Qf3 Nh7 16. Nh5 a4 17. Bc4 Be6 18. Bxe6 fxe6 19. Qg3 Kh8 20. Bxh6 gxh6 21. Qxe5+ Kg8 22. Qxc5 Qf7 23. Ng3 c6 24. Rad1 Qf6 25. Nf3 Rad8 26. Nh2 Ng6 27. Ng4 Qf4 28. Nh5 Qf8 29. Qe3 a3 30. b3 Rxd1 31. Rxd1 Rd8 32. Nxh6+ 1-0

[Event "Budapest Karacsonyi op 10th"]
[Site "Budapest"]
[Date "2018.12.30"]
[Round "7"]
[White "Lakat, Gyula"]
[Black "Csalami, Gabor"]
[Result "0-1"]
[WhiteElo "1763"]
[BlackElo "1829"]
[PlyCount "85"]
[EventDate "2018.12.27"]
[EventType "swiss"]
[EventRounds "7"]
[EventCountry "HUN"]
[SourceTitle "CBM 188 Extra"]
[Source "ChessBase"]
[SourceDate "2019.02.28"]
[SourceVersion "1"]
[SourceVersionDate "2019.02.28"]
[SourceQuality "1"]

1. e4 c5 2. Nf3 d6 3. Bb5+ Bd7 4. Bxd7+ Qxd7 5. 0-0 Nc6 6. Re1 g6 7. c3 Bg7 8. d4 cxd4 9. cxd4 e6 10. Nc3 Nge7 11. Be3 0-0 12. Rc1 f5 13. Qd2 Rad8 14. Bh6 e5 15. Bxg7 Kxg7 16. d5 Nb8 17. Ng5 f4 18. Ne6+ Kg8 19. Nxd8 Qxd8 20. f3 g5 21. Qf2 a6 22. Rc2 Nd7 23. b4 Ng6 24. Rec1 g4 25. fxg4 Qg5 26. h3 Nf6 27. Qb6 h5 28. gxh5 Nh4 29. Rf1 f3 30. Rff2 Kh8 31. Qxd6 Rg8 32. h6 Nxg2 33. Rxg2 fxg2 34. Qb6 Nh5 35. Ne2 Qh4 36. Kh2 Nf4 37. Qe3 Nxe2 38. Rxe2 g1Q+ 39. Qxg1 Rxg1 40. Kxg1 Qg3+ 41. Kf1 Qxh3+ 42. Kf2 Qxh6 43. Rc2 0-1

[Event "Budapest Karacsonyi op 10th"]
[Site "Budapest"]
[Date "2018.12.29"]
[Round "5"]
[White "Peterfia, Ferenc"]
[Black "Csalami, Gabor"]
[Result "0-1"]
[WhiteElo "1627"]
[BlackElo "1829"]
[PlyCount "110"]
[EventDate "2018.12.27"]
[EventType "swiss"]
[EventRounds "7"]
[EventCountry "HUN"]
[SourceTitle "CBM 188 Extra"]
[Source "ChessBase"]
[SourceDate "2019.02.28"]
[SourceVersion "1"]
[SourceVersionDate "2019.02.28"]
[SourceQuality "1"]

1. b3 d5 2. Bb2 c5 3. e3 a6 4. Nf3 Nc6 5. d4 Bg4 6. Be2 e6 7. a3 Nf6 8. Nbd2 cxd4 9. Nxd4 Bxe2 10. Qxe2 Rc8 11. Rc1 Bd6 12. 0-0 0-0 13. c4 Re8 14. Nxc6 Rxc6 15. e4 dxe4 16. Nxe4 Nxe4 17. Qxe4 Qg5 18. Rfd1 Bf4 19. Rc2 Qh5 20. Re1 Qxh2+ 21. Kf1 Qh1+ 22. Ke2 Qh5+ 23. Kf1 e5 24. g3 Bh6 25. Qd5 Rce6 26. Rce2 f6 27. Kg2 Qf7 28. f4 Rf8 29. Rd1 Rb6 30. Qxf7+ Kxf7 31. fxe5 Re8 32. b4 Rbe6 33. Rde1 Bg5 34. Kf3 fxe5 35. Rxe5 Bf6 36. Rxe6 Rxe6 37. Rxe6 Kxe6 38. Bxf6 Kxf6 39. Kf4 Ke6 40. Ke4 h5 41. b5 axb5 42. cxb5 g5 43. a4 b6 44. Kd4 Kd6 45. Ke4 Kc5 46. Kf5 h4 47. gxh4 gxh4 48. Kg4 Kb4 49. Kxh4 Kxa4 50. Kg3 Kxb5 51. Kf2 Kc4 52. Ke1 Kc3 53. Kd1 b5 54. Kc1 Kb3 55. Kb1 b4 0-1

[Event "HUN-chT2 Charousek 1819"]
[Site "Hungary"]
[Date "2018.09.23"]
[Round "1.11"]
[White "Csalami, Gabor"]
[Black "Haselbach, David"]
[Result "1/2-1/2"]
[WhiteElo "1799"]
[BlackElo "2046"]
[PlyCount "106"]
[EventDate "2018.09.23"]
[EventType "team-tourn"]
[EventRounds "11"]
[EventCountry "HUN"]
[SourceTitle "CBM 189 Extra"]
[Source "ChessBase"]
[SourceDate "2019.05.31"]
[SourceVersion "1"]
[SourceVersionDate "2019.05.31"]
[SourceQuality "1"]
[WhiteTeam "Budapest HUSI"]
[BlackTeam "Aquaprofit Nagykanizsa II"]
[WhiteTeamCountry "HUN"]
[BlackTeamCountry "HUN"]

1. e4 c5 2. Nc3 Nc6 3. Bb5 Nd4 4. Bc4 g6 5. Nf3 Bg7 6. 0-0 d6 7. d3 e6 8. Be3 Ne7 9. Bxd4 cxd4 10. Ne2 Nc6 11. Bb5 Qb6 12. Bxc6+ bxc6 13. b3 0-0 14. Qc1 f5 15. exf5 Rxf5 16. a4 c5 17. Ng3 Rf8 18. Re1 e5 19. Nd2 Bb7 20. Nc4 Qc7 21. Qd2 d5 22. Na3 Rae8 23. Nb5 Qb6 24. Re2 a6 25. Na3 Qb4 26. Ra2 e4 27. dxe4 Qxd2 28. Rxd2 dxe4 29. Nc4 Bd5 30. Nb6 Bc6 31. Nc4 e3 32. fxe3 dxe3 33. Re2 Bd4 34. h3 Rf2 35. Kh2 Ref8 36. c3 Bxc3 37. Nxe3 Rxe2 38. Rxe2 Re8 39. Nc4 Rxe2 40. Nxe2 Bf6 41. Kg3 Be4 42. Na5 Bd8 43. Nc4 Bc2 44. Nc1 Bg5 45. Na3 Bd1 46. Nd3 Be3 47. Nc4 Bd4 48. Nc1 Kf7 49. Kf4 Ke6 50. g4 Bf6 51. Ne3 h6 52. Nxd1 Bg5+ 53. Ke4 Bxc1 1/2-1/2

[Event "Budapest FS04 Development"]
[Site "Budapest"]
[Date "2018.04.16"]
[Round "9"]
[White "Csalami, Gabor"]
[Black "Nagy, Gyorgy1"]
[Result "0-1"]
[WhiteElo "1887"]
[BlackElo "1757"]
[PlyCount "74"]
[EventDate "2018.04.07"]
[EventType "tourn"]
[EventRounds "10"]
[EventCountry "HUN"]
[SourceTitle "CBM 184 Extra"]
[Source "ChessBase"]
[SourceDate "2018.06.28"]
[SourceVersion "1"]
[SourceVersionDate "2018.06.28"]
[SourceQuality "1"]

1. e4 c5 2. Nf3 Nc6 3. d4 cxd4 4. Nxd4 Nf6 5. Nc3 e5 6. Ndb5 d6 7. Bg5 a6 8. Na3 b5 9. Nd5 Be7 10. Bxf6 Bxf6 11. c3 0-0 12. Nc2 Bg5 13. Nce3 Bxe3 14. Nxe3 Be6 15. Be2 Rb8 16. 0-0 Ne7 17. Bf3 Qd7 18. Qd2 g6 19. Rfd1 Rbd8 20. Qc2 f5 21. exf5 gxf5 22. Bd5 Nxd5 23. Nxd5 Qf7 24. Nb4 f4 25. f3 Kh8 26. Kh1 Rg8 27. Rd2 Rg6 28. a4 Rh6 29. Rf1 Qh5 30. h3 Rg8 31. Rxd6 Bxh3 32. Rxh6 Bxg2+ 33. Kg1 Bxf1+ 34. Kxf1 Qxh6 35. Qf5 Qh1+ 36. Ke2 Rg2+ 37. Kd3 Qb1+ 0-1

[Event "Budapest FS04 Development"]
[Site "Budapest"]
[Date "2018.04.15"]
[Round "8"]
[White "Szabo, A Martin"]
[Black "Csalami, Gabor"]
[Result "1/2-1/2"]
[WhiteElo "1733"]
[BlackElo "1887"]
[PlyCount "59"]
[EventDate "2018.04.07"]
[EventType "tourn"]
[EventRounds "10"]
[EventCountry "HUN"]
[SourceTitle "CBM 184 Extra"]
[Source "ChessBase"]
[SourceDate "2018.06.28"]
[SourceVersion "1"]
[SourceVersionDate "2018.06.28"]
[SourceQuality "1"]

1. d4 Nf6 2. Nf3 d5 3. c4 c6 4. g3 dxc4 5. Bg2 Bf5 6. 0-0 e6 7. Nbd2 Be7 8. Nxc4 0-0 9. Bf4 Nd5 10. Re1 Nxf4 11. gxf4 Nd7 12. e4 Bg4 13. Qb3 Bxf3 14. Bxf3 Qc7 15. Ne5 Nb6 16. Rac1 Bf6 17. Red1 Bxe5 18. fxe5 Qe7 19. Bg2 Rfd8 20. a4 Rab8 21. f4 Qh4 22. a5 Na8 23. Qg3 Qxg3 24. hxg3 Nc7 25. Kf2 Nb5 26. d5 cxd5 27. exd5 exd5 28. Bxd5 Kf8 29. Ke3 Ke7 30. f5 1/2-1/2

[Event "Budapest Karacsonyi op"]
[Site "Budapest"]
[Date "2017.12.28"]
[Round "3"]
[White "Biro, Zsolt"]
[Black "Csalami, Gabor"]
[Result "1-0"]
[WhiteElo "2032"]
[BlackElo "1825"]
[PlyCount "203"]
[EventDate "2017.12.27"]
[EventType "swiss"]
[EventRounds "7"]
[EventCountry "HUN"]
[SourceTitle "CBM 182 Extra"]
[Source "ChessBase"]
[SourceDate "2018.02.23"]
[SourceVersion "1"]
[SourceVersionDate "2018.02.23"]
[SourceQuality "1"]

1. e4 e6 2. d3 d5 3. Nd2 Nf6 4. Ngf3 Nc6 5. g3 dxe4 6. dxe4 e5 7. Bg2 Bd6 8. 0-0 0-0 9. c3 Qe7 10. Qc2 Rd8 11. Rd1 h6 12. h3 Be6 13. Nf1 Bc5 14. Be3 Bxe3 15. Nxe3 Rxd1+ 16. Rxd1 Rd8 17. b3 Rxd1+ 18. Nxd1 Qd7 19. Kh2 Qd6 20. Ne3 Ne7 21. Nh4 c6 22. Nhf5 Bxf5 23. exf5 b5 24. a4 a6 25. a5 Qd8 26. b4 Qd6 27. h4 Kh8 28. Kh3 Qd7 29. g4 Nfd5 30. Kg3 Qd6 31. Be4 Nxe3 32. fxe3 Nd5 33. Qd3 Nf6 34. g5 Nxe4+ 35. Qxe4 hxg5 36. hxg5 Kg8 37. Qh4 Qd3 38. Qg4 Qxe3+ 39. Kh4 Qxc3 40. Kh5 Qe1 41. Qg2 Qd1+ 42. Kh4 Qd4+ 43. Kh3 e4 44. Qg3 Qd3 45. Kg2 Qxg3+ 46. Kxg3 Kf8 47. Kf4 e3 48. Kxe3 Ke7 49. Ke4 Kd6 50. Kd4 g6 51. f6 Kd7 52. Kd3 Ke6 53. Ke4 c5 54. bxc5 b4 55. Kd4 b3 56. Kc3 Kd5 57. Kxb3 Kxc5 58. Kc3 Kb5 59. Kd4 Kxa5 60. Ke5 Kb5 61. Kd6 a5 62. Ke7 a4 63. Kxf7 a3 64. Kxg6 a2 65. f7 a1Q 66. f8Q Qd4 67. Qf5+ Kb4 68. Kh7 Qh4+ 69. Kg7 Qd4+ 70. Qf6 Qd7+ 71. Qf7 Qd4+ 72. Kg8 Kb5 73. Qf5+ Kc4 74. g6 Kc3 75. g7 Qd8+ 76. Qf8 Qd5+ 77. Qf7 Qd8+ 78. Kh7 Qh4+ 79. Kg6 Qg4+ 80. Kf6 Qf4+ 81. Ke7 Qc7+ 82. Ke6 Qc6+ 83. Ke5 Qc5+ 84. Kf6 Qd6+ 85. Qe6 Qf4+ 86. Kg6 Qg3+ 87. Kf7 Qc7+ 88. Kf6 Qf4+ 89. Ke7 Qc7+ 90. Qd7 Qe5+ 91. Kd8 Qg5+ 92. Kc8 Qg6 93. Qc7+ Kb3 94. Kb7 Qe4+ 95. Kb8 Qe8+ 96. Ka7 Qa4+ 97. Kb7 Qe4+ 98. Ka6 Qa4+ 99. Qa5 Qg4 100. Qd5+ Ka3 101. g8Q Qe2+ 102. Qc4 1-0

[Event "Budapest Karacsonyi op 6th"]
[Site "Budapest"]
[Date "2014.12.29"]
[Round "4"]
[White "Csalami, Gabor"]
[Black "Nemeth, Miklos1"]
[Result "0-1"]
[WhiteElo "1932"]
[BlackElo "1988"]
[PlyCount "92"]
[EventDate "2014.12.27"]
[EventType "swiss"]
[EventRounds "7"]
[EventCountry "HUN"]
[SourceTitle "EXT 2020"]
[Source "ChessBase"]
[SourceDate "2019.10.17"]
[SourceVersion "1"]
[SourceVersionDate "2019.10.17"]
[SourceQuality "1"]

1. e4 c5 2. Nf3 d6 3. d4 cxd4 4. Nxd4 Nf6 5. Nc3 g6 6. Be3 Bg7 7. f3 0-0 8. Qd2 Nc6 9. g4 Bd7 10. h4 h5 11. gxh5 Nxh5 12. 0-0-0 Rc8 13. Nxc6 bxc6 14. Bh6 Qa5 15. Bxg7 Kxg7 16. f4 f5 17. Bh3 Qc7 18. exf5 Bxf5 19. Bxf5 Rxf5 20. Ne2 Rcf8 21. Nd4 Nxf4 22. Qxf4 Rxf4 23. Ne6+ Kf6 24. Nxc7 Rc8 25. Rhf1 Rf5 26. Na6 d5 27. Nc5 e5 28. Rde1 e4 29. Kd2 Rh8 30. Rh1 Rf4 31. Ref1 Rhxh4 32. Rxf4+ Rxf4 33. Rh7 Rf2+ 34. Kd1 g5 35. Rxa7 g4 36. Ra8 Ke5 37. Rg8 Kd4 38. Nxe4 dxe4 39. Rxg4 Rh2 40. Rg1 Ke3 41. Re1+ Kf3 42. a4 e3 43. Rf1+ Rf2 44. Ke1 Kg2 45. a5 Rxf1+ 46. Ke2 Rf2+ 0-1

[Event "Budapest Art Pub Cup 4th"]
[Site "Budapest"]
[Date "2014.04.19"]
[Round "4"]
[White "Bohus, Adam"]
[Black "Csalami, Gabor"]
[Result "0-1"]
[WhiteElo "2058"]
[BlackElo "1775"]
[PlyCount "72"]
[EventDate "2014.04.16"]
[EventType "swiss"]
[EventRounds "7"]
[EventCountry "HUN"]
[SourceTitle "EXT 2015"]
[Source "ChessBase"]
[SourceDate "2014.11.20"]
[SourceVersion "1"]
[SourceVersionDate "2014.11.20"]
[SourceQuality "1"]

1. d4 Nf6 2. c4 c5 3. d5 b5 4. cxb5 a6 5. e3 g6 6. Nc3 d6 7. Nf3 Bg7 8. a4 0-0 9. Be2 axb5 10. Bxb5 Ba6 11. Bxa6 Nxa6 12. 0-0 Qa5 13. e4 Ng4 14. Qe2 Rfb8 15. Nd2 Ne5 16. f4 Nd7 17. Nc4 Qd8 18. e5 Nb6 19. e6 f5 20. Ne3 Nb4 21. g4 fxg4 22. a5 Bd4 23. Kh1 Bxe3 24. Bxe3 N6xd5 25. f5 Nxe3 26. Qxe3 Nc2 27. Qg5 Qe8 28. Rad1 Qc6+ 29. Kg1 Nd4 30. Rxd4 cxd4 31. fxg6 dxc3 32. gxh7+ Kh8 33. Qxe7 Qc5+ 34. Kh1 Qd5+ 35. Kg1 Qd4+ 36. Kh1 cxb2 0-1

[Event "Budapest Karacsonyi op 5th"]
[Site "Budapest"]
[Date "2013.12.29"]
[Round "5"]
[White "Juhasz, Bela"]
[Black "Csalami, Gabor"]
[Result "1-0"]
[WhiteElo "2141"]
[BlackElo "1765"]
[PlyCount "65"]
[EventDate "2013.12.27"]
[EventType "swiss"]
[EventRounds "7"]
[EventCountry "HUN"]
[SourceTitle "CBM 158 Extra"]
[Source "ChessBase"]
[SourceDate "2014.02.28"]
[SourceVersion "1"]
[SourceVersionDate "2014.02.28"]
[SourceQuality "1"]

1. d4 Nf6 2. c4 g6 3. Nf3 Bg7 4. g3 0-0 5. Bg2 d6 6. 0-0 c5 7. d5 Na6 8. Nc3 Nc7 9. h3 Bd7 10. a4 a6 11. a5 Rb8 12. e4 b5 13. axb6 Rxb6 14. Ra2 Qc8 15. Kh2 Qb7 16. e5 Nfe8 17. e6 fxe6 18. dxe6 Bc6 19. Ne1 Bxg2 20. Nxg2 Rb3 21. Nf4 Bxc3 22. bxc3 Rxc3 23. Bb2 Rxc4 24. Qd2 Nf6 25. Ba1 Ncd5 26. Nxg6 hxg6 27. Qh6 Rg4 28. Ra4 Nb4 29. Kg1 Qb5 30. hxg4 Qxa4 31. Qxg6+ Kh8 32. Kg2 Qc6+ 33. f3 1-0

[Event "Budapest-chT1 Lilienthal 1314"]
[Site "Budapest"]
[Date "2013.09.29"]
[Round "1"]
[White "Csalami, Gabor"]
[Black "Furedi, Erik"]
[Result "0-1"]
[WhiteElo "1706"]
[BlackElo "1923"]
[PlyCount "108"]
[EventDate "2013.09.29"]
[EventType "team-tourn"]
[EventRounds "11"]
[EventCountry "HUN"]
[SourceTitle "EXT 2021"]
[Source "ChessBase"]
[SourceDate "2020.10.23"]
[SourceVersion "1"]
[SourceVersionDate "2020.10.23"]
[SourceQuality "1"]
[WhiteTeam "Budapest HUSI II"]
[BlackTeam "Budapest Vasas II"]
[WhiteTeamCountry "HUN"]
[BlackTeamCountry "HUN"]

1. e4 e5 2. Nf3 Nc6 3. Bb5 g6 4. 0-0 Bg7 5. c3 Nge7 6. d4 exd4 7. cxd4 0-0 8. Bf4 d5 9. e5 Bg4 10. Be3 f6 11. exf6 Bxf6 12. Be2 Nf5 13. Nc3 Nce7 14. h3 Bxf3 15. Bxf3 c6 16. Qd3 Nxe3 17. fxe3 Nf5 18. Ne2 Re8 19. e4 dxe4 20. Bxe4 Nxd4 21. Nf4 Qe7 22. Rae1 Qg7 23. Re3 Bg5 24. Rg3 Bxf4 25. Rxf4 Ne6 26. Rfg4 Qd4+ 27. Qxd4 Nxd4 28. Rd3 Ne6 29. b4 Rad8 30. Rxd8 Rxd8 31. b5 cxb5 32. Bxb7 a5 33. Ba6 Nc7 34. Bb7 Rb8 35. Bf3 Rd8 36. Rg5 Kf7 37. Rc5 Rd7 38. Bc6 Rd2 39. a4 b4 40. Rxa5 Rc2 41. Be4 Rc3 42. Ra7 Ke6 43. Kf2 Ke5 44. Bf3 Kd4 45. Rb7 Rc2+ 46. Ke1 Ke3 47. Rxb4 Rc1+ 48. Bd1 Nd5 49. Rb3+ Nc3 50. Rxc3+ Rxc3 51. h4 Rc1 52. g4 Ra1 53. h5 gxh5 54. gxh5 h6 0-1